000 01068nam a22001935i 4500
001 154982
003 ES-MaACL
005 20251115063309.0
008 020322s1865 sp |||| | spa d
100 1 _aGutiérrez de Alba, José María,
_d1822-1897
_9127661
245 1 0 _a1864 y 1865
_b: revista cómico-lírico-fantástica, en un acto y en verso /
_coriginal de José María Gutierrez de Alba ; música de varios autores.
250 _a9ª ed.
260 _aMadrid :
_b[s.n.],
_c1865 (
_fImp. de José Rodríguez)
300 _a36 p. ;
_c20 cm.
500 _aRepresentada por primera vez en Madrid, en el teatro del Circo en 30 de enero y en el de la Zarzuela en 4 de marzo de 1865, por los primeros actores de ambas compañías.
596 _aEn p. 5: "... de la galería dramática y lírica titulada El Teatro ..."
852 _aES-MaACL
_jF-8550(1)
_z- Enc. pasta española
_z- Firma ms. de Gustavo Sáenz Díez, 1877
_z- Enc. en un vol. facticio, formando parte de la col. facticia "Teatro español moderno", v. 2
999 _c154982
_d154982